| 000 | 00385nam a2200133Ia 4500 | ||
|---|---|---|---|
| 008 | 220217s9999||||xx |||||||||||||| ||und|| | ||
| 020 | _a81-7808-100-8 | ||
| 082 | _a005.1 HUM | ||
| 100 |
_aHumphrey, Watts, S _92909 |
||
| 245 | 0 | _aIntroduction to the personal software process | |
| 260 |
_aAddison wealey _bEngland _c2000 |
||
| 300 | _b215 | ||
| 650 |
_aSOFTWARE ENGINEERING _91072 |
||
| 999 |
_c171551 _d171551 |
||